000 00648nam a2200205 i 4500
001 46330
003 ES-MaACL
005 20230906161350.0
007 t|
008 030328s1959 sp ||||1| spa d
245 0 0 _aComunicación de bienes en el Antiguo Testamento
_b: (ordenación de los textos referentes a los deberes sociales).
260 _aMadrid :
_bEuramérica,
_c[1959] (
_fNebrija)
300 _a354 p. ;
_c18 cm.
490 1 _aMundo mejor
500 _aPrecede al tít.: Cáritas Española.
710 2 _aCáritas Española.
_92442
830 0 _aMundo mejor
_9181381
852 _aES-MaACL
_jC-17311
_bR.45414
999 _c46330
_d46330